LEADER 00851nam0-22002771i-450- 001 990001636750403321 005 20050331132421.0 035 $a000163675 035 $aFED01000163675 035 $a(Aleph)000163675FED01 035 $a000163675 100 $a20030910d1962----km-y0itay50------ba 101 0 $aspa 200 1 $a<>"Mielgas" y "Carretones" espanoles$eestudio botanico del genero Medicago L$fJ. Borja Carbonell 210 $aMadrid$cInstituto Nacional de Investigaciones Agronomicas$d1962 215 $a59 p.$cill.$d24 cm 610 0 $aLeguminales 676 $a583.32 700 1$aBorja Carbonell,$bJ.$070121 801 0$aIT$bUNINA$gRICA$2UNIMARC 901 $aBK 912 $a990001636750403321 952 $a60 583.32 B 2$b38375$fFAGBC 959 $aFAGBC 996 $a"Mielgas" y "Carretones" espanoles$9367589 997 $aUNINA LEADER 01027nam a2200301 i 4500 001 991001159179707536 005 20020507184327.0 008 931004s1982 it ||| | ita 020 $a8870211932 035 $ab10808917-39ule_inst 035 $aLE01307969$9ExL 040 $aDip.to Matematica$beng 082 0 $a531.5 084 $aAMS 70F 084 $aAMS 70F15 100 1 $aLeone, Antonio$0356834 245 13$aIl moto dei corpi celesti :$bmetodi di calcolo, formule ed esempi pratici /$cAntonio Leone 260 $aPadova :$bF. Muzzio,$c1982 300 $a205 p. ;$c21 cm. 490 0 $aManuali scientifici 650 0$aCelestial mechanics 650 4$aDynamics of a system of particles 907 $a.b10808917$b23-02-17$c28-06-02 912 $a991001159179707536 945 $aLE013 70F LEO11 (1982)$g1$i2013000130651$lle013$o-$pE0.00$q-$rl$s- $t0$u6$v0$w6$x0$y.i10914122$z28-06-02 996 $aMoto dei corpi celesti$9925676 997 $aUNISALENTO 998 $ale013$b01-01-93$cm$da $e-$fita$git $h3$i1